[Event "Druzynowe Mistrzostwa Polski Juniorow - Ekstraliga"]
[Site "Suchedniow"]
[Date "1899-12-30"]
[Round "7.9"]
[White "Czopor, Maciej"]
[Black "Lis, Mateusz"]
[Result "1-0"]
[WhiteTitle "I++"]
[BlackTitle "I"]
[WhiteElo "2016"]
[BlackElo "1994"]

1. e4 c5 2. Nf3 d6 3. d4 cxd4 4. Nxd4 Nf6 5. Nc3 Nc6 6. Bg5 e6 7. Qd2 a6 8. O-O-O
Bd7 9. f4 b5 10. Bxf6 gxf6 11. Kb1 Qb6 12. Nxc6 Bxc6 13. f5 b4 14. Ne2 e5 15.
Ng3 h5 16. Bc4 Rd8 17. h4 Bh6 18. Qe2 Be3 19. Nxh5 Ke7 20. Rh3 Bd4 21. g4 Bb5
22. Bxb5 axb5 23. g5 fxg5 24. hxg5 Ra8 25. Qd3 Qa5 26. Qb3 Rhc8 27. f6+ Kd7 28.
Qxf7+ Kc6 29. Nf4 exf4 30. Rxd4 b3 31. Rc3+ Kd5 1-0

[Event "Druzynowe Mistrzostwa Polski Juniorow - Ekstraliga"]
[Site "Suchedniow"]
[Date "1899-12-30"]
[Round "7.10"]
[White "Pelka, Michal"]
[Black "Dytman, Radoslaw"]
[Result "0-1"]
[WhiteTitle "II"]
[BlackTitle "II+"]
[WhiteElo "1618"]
[BlackElo "1479"]

1. e4 e5 2. Nf3 Nc6 3. Nc3 Nf6 4. a3 g6 5. d4 exd4 6. Nxd4 Bg7 7. Nde2 d6 8. Bg5
h6 9. Bh4 O-O 10. Qd2 Re8 11. Bxf6 Qxf6 12. f3 Be6 13. Ng3 Rad8 14. Be2 h5 15.
O-O Qd4+ 16. Qxd4 Bxd4+ 17. Rf2 Bxf2+ 18. Kxf2 f6 19. Bb5 a6 20. Bxc6 bxc6 21.
Nce2 c5 22. Nf1 c6 23. Ne3 d5 24. Nf4 Bf7 25. exd5 cxd5 26. Rd1 d4 27. Nf1 Rb8
28. b3 a5 29. Nd2 f5 30. Nd3 Rbc8 31. Nf4 g5 32. Ne2 Kg7 33. h3 Bd5 34. Nf1 Rc7
35. h4 Rce7 36. Rd2 Kg6 37. hxg5 Kxg5 38. Nfg3 f4 39. Nh1 h4 40. a4 Re3 41. Kf1
h3 42. gxh3 Bxf3 0-1

[Event "Druzynowe Mistrzostwa Polski Juniorow - Ekstraliga"]
[Site "Suchedniow"]
[Date "1899-12-30"]
[Round "7.11"]
[White "Dadello, Aleksandra"]
[Black "Gazikova, Veronika"]
[Result "0-1"]
[WhiteTitle "I++"]
[BlackTitle "k"]
[WhiteElo "1958"]
[BlackElo "2207"]

1. e4 e5 2. Nf3 Nc6 3. Bc4 Bc5 4. c3 Nf6 5. d3 d5 6. exd5 Nxd5 7. b4 Be7 8. Qb3
Be6 9. O-O O-O 10. Re1 Bf6 11. Nbd2 Nxc3 12. Bxe6 fxe6 13. Bb2 Nd5 14. b5 Nd4
15. Nxd4 exd4 16. Rxe6 Kh8 17. Nf3 Qd7 18. Rae1 Nf4 19. R6e4 Qf5 20. Nxd4 Bxd4
21. Bxd4 Rad8 22. Qb2 Qg5 23. Rxf4 Rxf4 24. Be3 Qe7 25. Qc3 Qb4 26. Qa1 Rff8 27.
a4 Rxd3 28. Rc1 Rfd8 29. h3 Qb3 30. Qe5 Rd1+ 31. Rxd1 Qxd1+ 32. Kh2 Qd6 33. Qxd6
Rxd6 34. Bxa7 b6 35. Bb8 Rd7 36. Kg3 Kg8 37. Kf4 Kf7 38. Ke4 Ke7 39. a5 bxa5 40.
Ba7 Ke6 41. b6 cxb6 42. Bxb6 a4 43. f4 a3 44. f5+ Kf7 45. Ba5 a2 46. Bc3 Rd1 0-1

[Event "Druzynowe Mistrzostwa Polski Juniorow - Ekstraliga"]
[Site "Suchedniow"]
[Date "1899-12-30"]
[Round "7.12"]
[White "Kulpa, Zuzanna"]
[Black "Harazinska, Magdalena"]
[Result "0-1"]
[WhiteTitle "I++"]
[BlackTitle "I++"]
[WhiteElo "1615"]
[BlackElo "1811"]

1. d4 d5 2. Nf3 Nf6 3. c4 dxc4 4. Qa4+ c6 5. Qxc4 Bf5 6. Nc3 e6 7. Bg5 Be7 8. e3
Nbd7 9. Be2 O-O 10. O-O h6 11. Bh4 Rc8 12. Qb3 Nb6 13. Rac1 Ne4 14. Bxe7 Qxe7
15. Ne5 Nd2 16. Qd1 Nxf1 17. Bxf1 Rfd8 18. Qf3 c5 19. Ne2 cxd4 20. Rxc8 Rxc8 21.
Nxd4 Bb1 22. Qd1 Bxa2 23. b3 Qc5 24. Nc4 Nd5 25. Qa1 Nb4 26. Qb2 b5 27. Na5 a6
28. Qa3 Qc3 29. Nac6 Nxc6 30. Nxc6 Rxc6 31. Qxa2 Qe1 32. Qe2 Qxe2 33. Bxe2 Rc1+
34. Bf1 a5 35. f3 a4 0-1

[Event "Druzynowe Mistrzostwa Polski Juniorow - Ekstraliga"]
[Site "Suchedniow"]
[Date "1899-12-30"]
[Round "7.13"]
[White "Chomczyk, Marek"]
[Black "Koziol, Kamil"]
[Result "0-1"]
[WhiteTitle "k"]
[BlackTitle "k"]
[WhiteElo "2167"]
[BlackElo "2270"]

1. d4 Nf6 2. c4 g6 3. f3 d5 4. cxd5 Nxd5 5. e4 Nb6 6. Nc3 Bg7 7. Be3 O-O 8. Qd2
e5 9. d5 c6 10. O-O-O cxd5 11. exd5 N8d7 12. h4 Nf6 13. g4 h5 14. Bg5 hxg4 15.
h5 gxh5 16. fxg4 Bxg4 17. Be2 Qd6 18. Rf1 Nfxd5 19. Bxg4 hxg4 20. Bf6 Bxf6 21.
Rh6 Rfc8 22. Rfxf6 Rxc3+ 23. bxc3 Qa3+ 24. Kb1 Nxc3+ 25. Ka1 Ne4 26. Qc2 Rc8 27.
Rc6 Rxc6 28. Rxc6 bxc6 29. Ne2 Na4 30. Ng3 Nxg3 31. Qd2 Qc3+ 0-1

[Event "Druzynowe Mistrzostwa Polski Juniorow - Ekstraliga"]
[Site "Suchedniow"]
[Date "1899-12-30"]
[Round "7.14"]
[White "Zylka, Stanislaw"]
[Black "Kowalski, Igor"]
[Result "1-0"]
[WhiteTitle "k"]
[BlackTitle "k"]
[WhiteElo "2239"]
[BlackElo "2131"]

1. d4 e6 2. Nf3 Nf6 3. g3 c5 4. Bg2 Nc6 5. O-O d5 6. c4 dxc4 7. Ne5 Nxe5 8. dxe5
Nd7 9. Na3 Be7 10. Nxc4 O-O 11. Be3 Qc7 12. f4 Rd8 13. Qc2 Rb8 14. Rfd1 b5 15.
Nd6 Ba6 16. b4 c4 17. a4 Nb6 18. axb5 Bc8 19. Bc5 Bd7 20. e3 f6 21. Be4 f5 22.
Bf3 Be8 23. Ra6 g5 24. Qa2 Rd7 25. Bc6 Qd8 26. Bxd7 Bxd7 27. Rxa7 Nd5 28. Qxc4
Bxb5 29. Nxb5 1-0

[Event "Druzynowe Mistrzostwa Polski Juniorow - Ekstraliga"]
[Site "Suchedniow"]
[Date "1899-12-30"]
[Round "7.15"]
[White "Pacan-milej, Kosma"]
[Black "Posluszny, Tomasz"]
[Result "1-0"]
[WhiteTitle "I"]
[BlackTitle "II"]
[WhiteElo "2033"]
[BlackElo "1555"]

1. d4 Nf6 2. c4 c5 3. d5 e6 4. Nc3 exd5 5. cxd5 d6 6. e4 g6 7. h3 Bg7 8. Bd3 a6
9. a4 Nbd7 10. Nf3 Nh5 11. Bg5 Bf6 12. Be3 Ne5 13. Be2 Nxf3+ 14. Bxf3 Ng7 15.
O-O O-O 16. Be2 Bxc3 17. bxc3 f5 18. exf5 Nxf5 19. Bf4 Qf6 20. Qd2 Re8 21. Rfe1
Bd7 22. Rab1 Bc8 23. a5 Qf8 24. Bd3 Rb8 25. Rxe8 Qxe8 26. Re1 Qf8 27. Qe2 Kf7
28. g4 Ng7 29. Bg5 Ne8 30. Qe7+ Qxe7 31. Rxe7+ Kf8 32. Rxh7 1-0

[Event "Druzynowe Mistrzostwa Polski Juniorow - Ekstraliga"]
[Site "Suchedniow"]
[Date "1899-12-30"]
[Round "7.16"]
[White "Oleksy, Krzysztof"]
[Black "Ossolinski, Ziemowit"]
[Result "0-1"]
[WhiteTitle "I"]
[BlackTitle "I"]
[WhiteElo "1569"]
[BlackElo "1845"]

1. d4 Nf6 2. c4 c5 3. d5 b5 4. cxb5 a6 5. Nc3 axb5 6. Nxb5 g6 7. g3 Bg7 8. Bg2
d6 9. e4 Ba6 10. Nc3 O-O 11. Nge2 Nbd7 12. f4 Qb6 13. O-O c4+ 14. Qd4 Nc5 15.
Kh1 Nfxe4 16. Qg1 Nxc3 17. Nxc3 Qc7 18. Re1 Bc8 19. h3 Bf5 20. g4 Bc2 21. Qe3
Rfb8 22. Re2 Bd3 23. Re1 Nb3 24. axb3 Rxa1 25. bxc4 Bxc4 26. f5 Ra5 27. fxg6 hxg6
28. h4 Qd7 29. Qf4 Bxc3 30. bxc3 Bxd5 31. Bxd5 Rxd5 32. Rf1 Qe6 33. Be3 Re5 34.
Rf3 Re4 35. Qh6 Qxg4 0-1

[Event "Druzynowe Mistrzostwa Polski Juniorow - Ekstraliga"]
[Site "Suchedniow"]
[Date "1899-12-30"]
[Round "7.17"]
[White "Kaczmarska, Joanna"]
[Black "Cieslak, Wiktoria"]
[Result "0-1"]
[WhiteTitle "k"]
[BlackTitle "k+"]
[WhiteElo "1923"]
[BlackElo "1983"]

1. d4 Nf6 2. c4 e6 3. Nc3 Bb4 4. Qc2 O-O 5. e4 d5 6. e5 Ne4 7. Bd3 c5 8. Nge2 cxd4
9. Nxd4 Nc5 10. O-O Nxd3 11. Qxd3 Nc6 12. Nf3 dxc4 13. Qxc4 a6 14. Rd1 Qc7 15.
a3 b5 16. Qb3 Be7 17. Bf4 Bb7 18. Rdc1 Na5 19. Qd1 Qc4 20. Ne2 Qe4 21. Rc3 Rac8
22. Rac1 Rxc3 23. Rxc3 Rd8 24. Qf1 Nc4 25. Bc1 Nxe5 26. Ng3 Nxf3+ 27. Rxf3 Qd5
28. Rc3 Bf6 29. Rc2 h6 30. Rd2 Qc6 31. Rxd8+ Bxd8 32. f3 Bb6+ 33. Kh1 Qc2 34.
Ne2 Bd5 35. Qe1 Bc4 36. Nc3 a5 37. Qd2 Qd3 38. Qxd3 Bxd3 39. g3 Bd4 40. Kg2 Kf8
41. f4 Ke7 42. Kf3 Kd6 43. Bd2 Kc5 44. g4 Kc4 45. Nd1 b4 46. axb4 axb4 47. h4
Kb3 48. Be1 f5 49. g5 Bc2 50. Ne3 Be4+ 51. Ke2 Bxb2 52. Nf1 Bc3 53. Nd2+ Kc2 54.
Nxe4 fxe4 55. Bf2 b3 56. gxh6 gxh6 57. f5 exf5 58. Bd4 Bxd4 59. h5 b2 0-1

[Event "Druzynowe Mistrzostwa Polski Juniorow - Ekstraliga"]
[Site "Suchedniow"]
[Date "1899-12-30"]
[Round "7.18"]
[White "Kroliczek, Gabriela"]
[Black "Malicka, Maria"]
[Result "0-1"]
[WhiteTitle "I"]
[BlackTitle "k+"]
[WhiteElo "1404"]
[BlackElo "1938"]

1. e4 e5 2. Nf3 Nc6 3. Bc4 Bc5 4. b4 Bxb4 5. c3 Bd6 6. O-O Nf6 7. d4 O-O 8. Bg5
h6 9. Bh4 g5 10. Nxg5 hxg5 11. Bxg5 Be7 12. d5 Na5 13. Bd3 d6 14. f4 Ng4 15. Bxe7
Qxe7 16. Qf3 exf4 17. Qxf4 Qe5 18. Nd2 Qxf4 19. Rxf4 Ne5 20. Bc2 Bd7 21. Raf1
Kg7 22. h4 Bb5 23. Re1 Bd3 24. Bd1 Nac4 25. Nxc4 Bxc4 26. a3 Rh8 27. g3 Kf8 28.
Bc2 Ke7 29. Rb1 b6 30. Rf5 Rag8 31. Kh2 Ng4+ 32. Kh3 Ne3 33. Rf2 Nxc2 34. Rxc2
Bd3 0-1

[Event "Druzynowe Mistrzostwa Polski Juniorow - Ekstraliga"]
[Site "Suchedniow"]
[Date "1899-12-30"]
[Round "7.19"]
[White "Janik, Igor"]
[Black "Kucza, Karol"]
[Result "1/2-1/2"]
[WhiteTitle "FM"]
[BlackTitle "FM"]
[WhiteElo "2318"]
[BlackElo "2294"]

1. e4 e5 2. Nf3 Nc6 3. Bb5 a6 4. Ba4 Nf6 5. O-O Be7 6. Re1 b5 7. Bb3 d6 8. c3 O-O
9. h3 Nb8 10. d4 Nbd7 11. a4 Bb7 12. Nbd2 c5 13. Bc2 Qc7 14. b3 cxd4 15. cxd4
Rfc8 16. Ra2 d5 17. Nxe5 Nxe5 18. dxe5 Qxe5 19. Nf3 Qc7 20. exd5 Nxd5 21. Ne5
Bf6 22. Ng4 Bc3 23. Bd2 Nb4 24. Bxc3 Qxc3 25. Re3 Qc6 26. Be4 Qc1 27. Ra1 Qxd1+
28. Rxd1 Bxe4 29. Rxe4 Na2 30. Re7 Rc1 31. Rxc1 Nxc1 32. axb5 axb5 33. Rb7 Ne2+
34. Kh2 Nd4 35. Ne5 f6 36. Nf3 Nxb3 37. Rxb5 Na5 38. Nd4 Nc4 39. Nf5 g6 40. Ne7+
Kf7 41. Nd5 Nd6 42. Rb6 Rd8 43. Ra6 Ne4 44. Ra7+ Ke6 45. Nc7+ Kd6 46. f3 Nc3 47.
Na6 Nd5 48. Rb7 Re8 49. Nb4 Ke5 1/2-1/2

[Event "Druzynowe Mistrzostwa Polski Juniorow - Ekstraliga"]
[Site "Suchedniow"]
[Date "1899-12-30"]
[Round "7.20"]
[White "Woloch, Oskar"]
[Black "Delekta, Filip"]
[Result "1/2-1/2"]
[WhiteTitle "k"]
[BlackTitle "I++"]
[WhiteElo "2164"]
[BlackElo "2209"]

1. d4 Nf6 2. c3 d6 3. Bg5 Nbd7 4. Nd2 c5 5. e3 h6 6. Bh4 g6 7. Bd3 Bg7 8. Ngf3
O-O 9. O-O e5 10. dxe5 dxe5 11. Qc2 Qc7 12. Rfe1 Rd8 13. e4 g5 14. Bg3 Nh5 15.
Bf1 Nb6 16. a4 a5 17. Nc4 Nxg3 18. hxg3 Be6 19. Nfd2 Nxc4 20. Nxc4 Qc6 21. b3
b6 22. Ne3 Rd6 23. Bc4 Rad8 24. Bd5 Qc7 25. Rad1 Qb8 26. Qe2 Bd7 27. Qd3 Bf8 28.
Nc4 Rf6 29. Rd2 Be7 30. Qc2 Qc7 31. Na3 Kg7 32. Red1 Bg4 33. Re1 Bd7 34. Nc4 Bc8
35. Ne3 Qb8 36. Red1 Rfd6 37. Bc4 Rxd2 38. Rxd2 Rxd2 39. Qxd2 Qc7 40. Qd5 Bf6
41. Qd3 Qd8 42. Nd5 Be6 43. Qe2 Bxd5 44. exd5 Qd6 45. Qe4 Be7 46. Bd3 Qf6 47.
c4 Bd6 48. Qg4 Qe7 49. Be4 Qf6 50. Qd7 Qe7 51. Qc8 Qf6 52. Qb7 Be7 1/2-1/2

[Event "Druzynowe Mistrzostwa Polski Juniorow - Ekstraliga"]
[Site "Suchedniow"]
[Date "1899-12-30"]
[Round "7.21"]
[White "Dzida, Kamil"]
[Black "Kalemba, Igor"]
[Result "1-0"]
[WhiteTitle "I"]
[BlackTitle "III"]
[WhiteElo "1781"]
[BlackElo "1041"]

1. e4 e6 2. d4 d5 3. Nc3 c6 4. Nf3 Qb6 5. Bd3 c5 6. Bb5+ Bd7 7. Bxd7+ Nxd7 8. exd5
cxd4 9. Nxd4 Bc5 10. Be3 Qxb2 11. Ndb5 Bb4 12. Bd4 Bxc3+ 13. Nxc3 Ngf6 14. Rb1
Qa3 15. Nb5 Qa5+ 16. Bc3 Qd8 17. Bb4 Qb8 18. Nd6+ Ke7 19. Nxb7+ Ke8 20. Nd6+ Ke7
21. Nf5+ Kd8 22. Be7+ Ke8 23. Rxb8+ Rxb8 24. Bxf6 Nxf6 25. dxe6 fxe6 26. Qd6 Rb7
27. Qc6+ Rd7 28. Qxe6+ Kd8 29. O-O Re8 30. Qc6 Re5 31. Qa8+ Kc7 32. Qxa7+ Kc8
33. Qa6+ Kc7 34. Ne3 Kd8 35. Rb1 Ke7 36. Rb7 Nd5 37. Rxd7+ Kxd7 38. Qb5+ Kd6 39.
Qxd5+ Rxd5 40. Nxd5 Kxd5 41. Kf1 Kc4 42. Ke2 Kd5 1-0

[Event "Druzynowe Mistrzostwa Polski Juniorow - Ekstraliga"]
[Site "Suchedniow"]
[Date "1899-12-30"]
[Round "7.22"]
[White "Gorkiewicz, Mateusz"]
[Black "Chyzy, Jakub"]
[Result "0-1"]
[WhiteTitle "II"]
[BlackTitle "I"]
[WhiteElo "1562"]
[BlackElo "1805"]

1. e4 e5 2. Nf3 Nc6 3. d4 exd4 4. Nxd4 Nf6 5. Nc3 Bb4 6. Nxc6 bxc6 7. Bd3 O-O 8.
O-O d5 9. exd5 cxd5 10. Bg5 c6 11. Qf3 Bd6 12. h3 Rb8 13. Rab1 Be5 14. Rfe1 Re8
15. Bf5 Bxf5 16. Qxf5 Qd6 17. Qf3 Nd7 18. Red1 Qg6 19. Qg4 f5 20. Qh4 Bd6 21.
Be3 Rb4 22. Rd4 Ne5 23. Kh1 Nc4 24. Nd1 c5 25. Rxc4 Rxc4 26. f4 Rxc2 27. Bf2 Re1+
28. Kh2 Rd2 29. Qd8+ Bf8 30. g3 Rxf2+ 31. Nxf2 Rxb1 0-1

[Event "Druzynowe Mistrzostwa Polski Juniorow - Ekstraliga"]
[Site "Suchedniow"]
[Date "1899-12-30"]
[Round "7.23"]
[White "Malinowska, Monika"]
[Black "Buchta, Agnieszka"]
[Result "1/2-1/2"]
[WhiteTitle "I"]
[BlackTitle "I++"]
[WhiteElo "1378"]
[BlackElo "1653"]

1. f4 d5 2. e3 Nf6 3. Nf3 c5 4. Bb5+ Bd7 5. Be2 g6 6. b3 Bg7 7. Bb2 e6 8. O-O O-O
9. Ne5 b5 10. d3 a5 11. a4 bxa4 12. bxa4 Qb6 13. Bc3 Rd8 14. Nd2 Na6 15. Ndf3
Nb4 16. Ng5 Be8 17. Bd2 Qc7 18. c3 Nc6 19. Ngf3 Rdb8 20. Qc2 Rb7 21. Nxc6 Bxc6
22. c4 Be8 23. Ne5 Rab8 24. Bc3 Qd8 25. Bf3 Ra7 26. Bd2 Qc7 27. Bc3 Qd8 28. Bd2
Qc7 29. Bc3 Qd8 30. Bd2 Qd6 31. Bc3 Nd7 32. Nxd7 Bxd7 33. Bxg7 Kxg7 34. cxd5 exd5
35. Rfc1 Rc8 36. Qb3 Be6 37. Qc3+ d4 38. Qd2 Rd8 39. Be2 dxe3 40. Qxe3 Qd4 41.
Kf2 Qxe3+ 1/2-1/2

[Event "Druzynowe Mistrzostwa Polski Juniorow - Ekstraliga"]
[Site "Suchedniow"]
[Date "1899-12-30"]
[Round "7.24"]
[White "Karlyk, Maria"]
[Black "Kaniowska, Anna"]
[Result "1/2-1/2"]
[WhiteTitle "I"]
[BlackTitle "II+"]
[WhiteElo "1600"]
[BlackElo "1390"]

1. e4 e5 2. Nf3 Nc6 3. Bc4 Bc5 4. c3 Nf6 5. d4 exd4 6. e5 d5 7. Bb5 Ne4 8. cxd4
Bb4+ 9. Bd2 Bxd2+ 10. Nbxd2 Nxd2 11. Qxd2 Bd7 12. Bd3 Qe7 13. a3 O-O 14. O-O f6
15. Rae1 Qf7 16. Qc2 g6 17. Qc3 fxe5 18. Nxe5 Nxe5 19. Rxe5 c6 20. f4 Rae8 21.
g3 Rxe5 22. fxe5 Qe7 23. Rxf8+ Qxf8 24. Kg2 Bg4 25. Qd2 Bf5 26. Bxf5 Qxf5 27.
Qe2 Kf7 28. Qf3 Ke6 29. Qxf5+ Kxf5 30. b4 b6 31. Kf3 c5 32. bxc5 bxc5 33. dxc5
Kxe5 34. Ke3 d4+ 35. Kd3 Kd5 36. c6 Kxc6 37. Kxd4 Kd6 38. g4 g5 39. h3 h6 40.
a4 a5 41. Kc4 1/2-1/2

[Event "Druzynowe Mistrzostwa Polski Juniorow - Ekstraliga"]
[Site "Suchedniow"]
[Date "1899-12-30"]
[Round "7.25"]
[White "Kiolbasa, Oliwia"]
[Black "Korpalski, Maciej"]
[Result "1-0"]
[WhiteTitle "WIM"]
[BlackTitle "I"]
[WhiteElo "2318"]
[BlackElo "1968"]

1. e4 c5 2. Nf3 d6 3. d4 cxd4 4. Nxd4 Nf6 5. Nc3 a6 6. Be2 e6 7. O-O Qc7 8. f4
Nbd7 9. a4 b6 10. Bf3 Bb7 11. Qe2 Rc8 12. Kh1 Qc4 13. Qf2 Be7 14. e5 Nd5 15. Nxd5
Bxd5 16. Be2 Qc7 17. exd6 Qxd6 18. Bxa6 Ra8 19. Bd3 O-O 20. c4 Bb7 21. Be3 Nc5
22. Bc2 Bf6 23. Rad1 Nxa4 24. Nb5 Qe7 25. Bxa4 Rxa4 26. b3 Raa8 27. Bxb6 Rfc8
28. Nd6 Rcb8 29. Nxb7 Qxb7 30. c5 Ra3 31. b4 Rb3 32. Ba5 Qe4 33. Rfe1 Qf5 34.
c6 Rc8 35. c7 Rd3 36. Rxd3 Qxd3 37. Qf3 Qb5 38. Rd1 Qe8 39. Qb7 1-0

[Event "Druzynowe Mistrzostwa Polski Juniorow - Ekstraliga"]
[Site "Suchedniow"]
[Date "1899-12-30"]
[Round "7.26"]
[White "Holownia, Michal"]
[Black "Szostko, Jakub"]
[Result "0-1"]
[WhiteTitle "I"]
[BlackTitle "k"]
[WhiteElo "1926"]
[BlackElo "2246"]

1. e4 c5 2. Nf3 d6 3. d4 cxd4 4. Nxd4 Nf6 5. Nc3 a6 6. Bg5 Nbd7 7. Qe2 Qc7 8. f4
e5 9. Nf3 h6 10. Bxf6 Nxf6 11. O-O-O exf4 12. Nd5 Nxd5 13. exd5+ Be7 14. Re1 Kd8
15. Qe4 Bf6 16. Qxf4 Bd7 17. Bd3 Rc8 18. Re2 Re8 19. Rhe1 Rxe2 20. Rxe2 Qc5 21.
Qe4 Kc7 22. Qc4 Qxc4 23. Bxc4 b5 24. Bb3 Kb6 25. h3 g5 26. Nd2 Be5 27. c3 f5 28.
Nf3 Bf6 29. Nd2 h5 30. Rf2 Re8 31. Kd1 g4 32. hxg4 hxg4 33. Re2 Rh8 34. Kc2 Rh1
35. Kd3 Be5 36. a4 bxa4 37. Nc4+ Kc5 38. Nxe5 dxe5 39. Ba2 Ra1 40. b4+ axb3 41.
Bxb3 e4+ 42. Ke3 Rc1 43. Kd2 Rf1 44. Ke3 Rb1 45. Ba2 Rc1 46. Kd2 Ra1 47. Ke3 Rc1
48. Kd2 Rf1 49. Ke3 Kd6 50. Rb2 Ke5 51. Rb7 f4+ 52. Ke2 Ra1 53. Bc4 Kd6 54. Rb6+
Kc5 55. Rxa6 Rc1 56. Ba2 Bb5+ 0-1

[Event "Druzynowe Mistrzostwa Polski Juniorow - Ekstraliga"]
[Site "Suchedniow"]
[Date "1899-12-30"]
[Round "7.27"]
[White "Kosakowski, Jakub"]
[Black "Strugarek, Lukasz"]
[Result "1-0"]
[WhiteTitle "k"]
[BlackTitle "II"]
[WhiteElo "2122"]
[BlackElo "1407"]

1. e4 c5 2. Nf3 d6 3. d4 cxd4 4. Nxd4 Nf6 5. Nc3 g6 6. Be3 Bg7 7. f3 O-O 8. Qd2
Nc6 9. Bc4 Nxd4 10. Bxd4 Be6 11. Bxe6 fxe6 12. O-O-O Rc8 13. Kb1 Qa5 14. Nd5 Qxd2
15. Nxf6+ Bxf6 16. Rxd2 Bxd4 17. Rxd4 Rc5 18. Rhd1 Rfc8 19. R1d2 Kf7 20. b3 Kf6
21. Kb2 R8c7 22. b4 Rc4 23. Rxc4 Rxc4 24. Kb3 b5 25. a4 a6 26. c3 Rc6 27. axb5
axb5 28. Ra2 d5 29. Ra7 Rb6 30. Rd7 dxe4 31. fxe4 e5 32. c4 bxc4+ 33. Kxc4 Rc6+
34. Kb3 Rc1 35. Rd2 Re1 36. b5 Rxe4 37. b6 Re3+ 38. Ka2 Re4 39. b7 Rb4 40. Rb2
Rxb7 41. Rxb7 e4 42. Kb2 h5 43. Kc3 e5 44. Kd2 Kf5 45. Ke3 1-0

[Event "Druzynowe Mistrzostwa Polski Juniorow - Ekstraliga"]
[Site "Suchedniow"]
[Date "1899-12-30"]
[Round "7.28"]
[White "Kawaler, Adam"]
[Black "Pytel, Maciej"]
[Result "1/2-1/2"]
[WhiteTitle "I"]
[BlackTitle "I"]
[WhiteElo "1761"]
[BlackElo "2000"]

1. e4 c5 2. c4 Nc6 3. Nc3 g6 4. Nf3 Bg7 5. Be2 e6 6. d3 d6 7. O-O Nge7 8. Be3 e5
9. Qd2 f5 10. Bh6 O-O 11. Bxg7 Kxg7 12. a3 f4 13. Nd5 h6 14. b4 b6 15. h3 g5 16.
Nh2 Nd4 17. Nxe7 Qxe7 18. Qd1 Be6 19. Bg4 Rf7 20. Bxe6 Qxe6 21. Nf3 Nxf3+ 22.
Qxf3 Qg6 23. Qd1 f3 24. g3 Raf8 25. Qd2 Kh7 26. Kh2 Qe6 27. b5 Qg6 28. a4 a5 29.
bxa6 Ra8 30. a5 Rxa6 31. axb6 Rxb6 32. Rfb1 Rxb1 33. Rxb1 Ra7 34. Qb2 Qe8 35.
Qb5 Qc8 36. Qb6 Ra6 37. Qb3 h5 38. d4 cxd4 39. Qxf3 Kg6 40. g4 h4 41. Rb5 Rc6
42. Rd5 Kg7 43. Kg2 Qd7 44. Qb3 Qf7 45. Qb4 1/2-1/2

[Event "Druzynowe Mistrzostwa Polski Juniorow - Ekstraliga"]
[Site "Suchedniow"]
[Date "1899-12-30"]
[Round "7.29"]
[White "Burakowska, Gabriela"]
[Black "Frej, Zofia"]
[Result "0-1"]
[WhiteTitle "I++"]
[BlackTitle "I++"]
[WhiteElo "1841"]
[BlackElo "1929"]

1. d4 d5 2. e3 c5 3. Nf3 Nf6 4. c3 e6 5. Bd3 Nc6 6. Nbd2 cxd4 7. exd4 Bd6 8. Qe2
Qc7 9. O-O O-O 10. h3 Re8 11. Nb3 e5 12. dxe5 Nxe5 13. Nxe5 Bxe5 14. Qc2 Bd7 15.
Bf5 Bb5 16. Rd1 Bh2+ 17. Kh1 Re2 18. Bd2 Rxf2 19. Nd4 Qg3 20. Rg1 Bxg1 21. Rxg1
g6 22. Nxb5 gxf5 23. Qd1 Ng4 0-1

[Event "Druzynowe Mistrzostwa Polski Juniorow - Ekstraliga"]
[Site "Suchedniow"]
[Date "1899-12-30"]
[Round "7.30"]
[White "Czarniecka, Aleksandra"]
[Black "Kalinowska, Zuzanna"]
[Result "1-0"]
[WhiteTitle "I"]
[BlackTitle "k"]
[WhiteElo "1631"]
[BlackElo "1910"]

1. e4 e6 2. d4 d5 3. Nc3 Bb4 4. e5 b6 5. a3 Bf8 6. f4 Ne7 7. Bd3 Qd7 8. Nf3 Ba6
9. Be3 h5 10. Nh4 g6 11. Qe2 Bxd3 12. Qxd3 Nf5 13. Nxf5 gxf5 14. O-O-O Be7 15.
h3 a6 16. g4 Nc6 17. gxf5 exf5 18. Rhg1 Bh4 19. Rg2 Ne7 20. Bf2 Bxf2 21. Rxf2
Rg8 22. Qf3 h4 23. Rg2 O-O-O 24. Rdg1 Ng6 25. Qe2 Kb7 26. e6 Qd6 27. exf7 Nxf4
28. fxg8=Q Nxe2+ 29. Nxe2 Rxg8 30. Rxg8 Qh2 31. Nc3 f4 32. Nxd5 f3 33. R8g7 f2
34. Rd1 Qxh3 35. Rxc7+ Kb8 36. Rf7 Qg2 37. Ne3 Qg3 38. Nf1 Qg2 39. d5 h3 40. d6
Qg5+ 41. Nd2 h2 42. Rxf2 Qg1 43. Rf8+ Kb7 44. Rh8 Qd4 45. Rxh2 Qxd6 46. Rdh1 a5
47. Kb1 Qf4 48. Nb3 Qe3 49. Nc1 Qe4 50. Rh4 Qf3 51. a4 Qc6 52. b3 Qg2 53. Rh7+
Kc6 54. R1h6+ Kc5 55. Rc7+ Kb4 56. Kb2 1-0

[Event "Druzynowe Mistrzostwa Polski Juniorow - Ekstraliga"]
[Site "Suchedniow"]
[Date "1899-12-30"]
[Round "8.1"]
[White "Golda, Sebastian"]
[Black "Sernecki, Franciszek"]
[Result "1/2-1/2"]
[WhiteTitle "I"]
[BlackTitle "I"]
[WhiteElo "1932"]
[BlackElo "1974"]

1. e4 e6 2. d4 d5 3. Nc3 dxe4 4. Nxe4 Nd7 5. Nf3 Ngf6 6. Nxf6+ Nxf6 7. Bg5 h6 8.
Be3 Bd6 9. c4 O-O 10. Bd3 b6 11. O-O Qe7 12. Qe2 c5 13. Rad1 Bb7 14. h3 Rad8 15.
Bb1 Rfe8 16. Ne5 cxd4 17. Bxd4 Bc5 18. Bc3 Bb4 19. Bxb4 Qxb4 20. Rfe1 Qe7 21.
b3 Ba8 22. Qc2 Rxd1 23. Rxd1 Be4 24. Qe2 Bxb1 25. Rxb1 Qc7 26. Rd1 Rd8 27. Rxd8+
Qxd8 28. Qd3 Qxd3 29. Nxd3 Nd7 30. f3 e5 31. Kf2 f5 32. Ke3 Kf7 33. Nb4 Ke6 34.
Nc6 a5 35. Na7 Nc5 36. Nc8 Nd7 37. a3 g6 38. b4 axb4 39. axb4 Kf6 40. Nd6 Ke6
41. Nc8 Kf6 42. Kd3 Ke6 43. Kc3 Kf6 44. Kd2 1/2-1/2

[Event "Druzynowe Mistrzostwa Polski Juniorow - Ekstraliga"]
[Site "Suchedniow"]
[Date "1899-12-30"]
[Round "8.2"]
[White "Dmochowska, Agnieszka"]
[Black "Marczuk, Anna"]
[Result "1/2-1/2"]
[WhiteTitle "WCM"]
[BlackTitle "k"]
[WhiteElo "2059"]
[BlackElo "1931"]

1. e4 c5 2. Nf3 d6 3. d4 cxd4 4. Nxd4 Nf6 5. Nc3 a6 6. Be3 e5 7. Nb3 Be7 8. Bc4
O-O 9. O-O Be6 10. Bd5 Bxd5 11. Nxd5 Nxd5 12. Qxd5 Nc6 13. c3 Qc8 14. Rfd1 Qe6
15. Rd3 Rfc8 16. a4 Qxd5 17. Rxd5 g6 18. f3 f5 19. g3 Kf7 20. a5 Ke6 21. Rad1
Nd8 22. R1d3 Nf7 23. Nd2 Rc6 24. b3 Rac8 25. Nc4 R8c7 26. Kf1 h6 27. Ke2 Rc8 28.
Rd1 Rg8 29. R5d3 Rf8 30. Nb6 Bg5 31. Bg1 Bd8 32. Nc4 Be7 33. h4 h5 34. Ne3 fxe4
35. fxe4 Nh6 36. Nd5 Bd8 37. Bb6 Bxb6 38. Nxb6 Ng4 39. Rf1 Rxf1 40. Kxf1 Nf6 41.
Re3 Ng4 42. Rd3 Nf6 43. Re3 d5 44. exd5+ Nxd5 45. Nxd5 Kxd5 46. Rd3+ Ke6 47. Ke2
Rc5 48. b4 Rc4 49. Kd2 Rg4 50. Rf3 g5 51. hxg5 Rxg5 52. Ke2 Rg4 53. Kf2 Rc4 54.
Ke2 e4 55. Rf4 Rxc3 56. Rxe4+ Kd5 57. Rh4 Rxg3 58. Rxh5+ Kc6 59. Rh6+ Kc7 60.
Rb6 Rc3 1/2-1/2

[Event "Druzynowe Mistrzostwa Polski Juniorow - Ekstraliga"]
[Site "Suchedniow"]
[Date "1899-12-30"]
[Round "8.3"]
[White "Szczurek, Krzysztof"]
[Black "Kawaler, Adam"]
[Result "1-0"]
[WhiteTitle "I"]
[BlackTitle "I"]
[WhiteElo "1926"]
[BlackElo "1761"]

1. e4 c5 2. Nf3 e6 3. c3 d5 4. exd5 Qxd5 5. d4 Nf6 6. Bd3 Nc6 7. O-O Be7 8. Na3
a6 9. Nc4 Qd8 10. dxc5 Bxc5 11. b4 b5 12. Nb2 Bd6 13. Bg5 Bc7 14. Qe2 Bd7 15.
Rfd1 h6 16. Bh4 g5 17. Bg3 Bxg3 18. hxg3 O-O 19. a4 Nd5 20. Qc2 Qb6 21. Qd2 f5
22. axb5 axb5 23. Rxa8 Rxa8 24. Bxf5 Nce7 25. Bb1 Rc8 26. Qd3 Nf5 27. Ne5 Rxc3
28. Qd2 Qa7 29. Nxd7 Nxg3 30. Nc5 Rxc5 31. bxc5 Qxc5 32. Qc2 Qxc2 33. Bxc2 1-0

[Event "Druzynowe Mistrzostwa Polski Juniorow - Ekstraliga"]
[Site "Suchedniow"]
[Date "1899-12-30"]
[Round "8.4"]
[White "Kosior, Jan"]
[Black "Korcyl, Patryk"]
[Result "1-0"]
[WhiteTitle "II"]
[BlackTitle "II"]
[WhiteElo "1524"]
[BlackElo "1564"]

1. e4 c5 2. Nf3 Nf6 3. Nc3 Nc6 4. g3 d5 5. exd5 Nxd5 6. Bg2 Bf5 7. Nxd5 Qxd5 8.
O-O Qd7 9. d3 e5 10. Re1 f6 11. Be3 O-O-O 12. Nh4 Bg4 13. Bxc6 bxc6 14. f3 Bh3
15. a3 Qd5 16. b4 g5 17. c4 Qd7 18. Ng2 Bxg2 19. Kxg2 cxb4 20. Qa4 c5 21. Qa6+
Qb7 22. Qxf6 Bg7 23. Qe6+ Qd7 24. Qa6+ Qb7 25. Qxb7+ Kxb7 26. axb4 e4 27. Ra3
exf3+ 28. Kxf3 Rhf8+ 29. Kg2 Bf6 30. Bxc5 Rfe8 31. Rxa7+ Kb8 32. Rxe8 Rxe8 33.
Rxh7 Re2+ 34. Kf3 Rd2 35. Ke3 Rc2 36. h4 gxh4 37. gxh4 Kc8 38. b5 Rh2 39. b6 Rh3+
40. Ke4 Rxh4+ 41. Rxh4 Bxh4 42. d4 Bf2 43. Kd5 Kb7 44. Kd6 Bg3+ 45. Kd5 Bf2 46.
Kd6 Bg3+ 47. Kd7 Bf2 48. Bd6 Bxd4 49. c5 Bxc5 50. Bxc5 Ka8 51. Kc6 Kb8 52. Bd6+
Ka8 53. b7+ 1-0